Víte, jaké je poslání Národní partnerské organizace EFQM ?
Česká společnost pro jakost, Praha pred podpísaním dohody o Národnej partnerskej organizácii Európskej nadácie pre management kvality /EFQM/. Stratégia Českého EFQM centra /CEC/.
Saved in:
| Main Author: | |
|---|---|
| Format: | Book Chapter |
| Language: | Czech |
| Subjects: | |
| Tags: |
No Tags, Be the first to tag this record!
|
MARC
| LEADER | 00000naa a2200000 4500 | ||
|---|---|---|---|
| 001 | r048769 | ||
| 005 | 20230524134056.2 | ||
| 041 | 0 | |a cze | |
| 044 | |a CZ | ||
| 245 | 1 | 0 | |a Víte, jaké je poslání Národní partnerské organizace EFQM ? |c Milan Trčka |
| 520 | |a Česká společnost pro jakost, Praha pred podpísaním dohody o Národnej partnerskej organizácii Európskej nadácie pre management kvality /EFQM/. Stratégia Českého EFQM centra /CEC/. | ||
| 610 | 2 | 0 | |a kvalita |
| 610 | 2 | 0 | |a kontrola kvality |
| 610 | 2 | 0 | |a riadenie kvality |
| 610 | 2 | 0 | |a nadácie |
| 610 | 2 | 0 | |a Európa |
| 100 | 1 | |a Trčka, Milan | |